Normal view
MARC view
- Ballas, Robert,
Entry Personal Name
001 - CONTROL NUMBER
- control field: 86750
003 - CONTROL NUMBER IDENTIFIER
- control field: NUST
005 - DATE AND TIME OF LATEST TRANSACTION
- control field: 20211216112809.0
008 - FIXED-LENGTH DATA ELEMENTS
- fixed length control field: 211216|| aca||aabn | a|a d
040 ## - CATALOGING SOURCE
- Original cataloging agency: NUST
- Transcribing agency: NUST
100 ## - HEADING--PERSONAL NAME
- Personal name: Ballas, Robert,
- Dates associated with a name: 1955-
670 ## - SOURCE DATA FOUND
- Source citation: Work cat.: (NUST)32169: Ginzburg, Vladimir B., 1935- 86746, Flat Rolling Fundamentals/, 2000.
